000 01475cam a22003615a 4500
001 016142028
003 EG-ScBUE
005 20220512125716.0
008 120704t2013 maua f b 001 0 eng d
020 _a9780133060768
020 _a0133060764
040 _aUkOxU
_beng
_erda
_cUkOxU
_dUk
_dEG-ScBUE
082 0 4 _222
_a428.0071
_bECH
100 1 _aEchevarría, Jana,
_d1956-
_eauthor.
245 1 0 _aMaking content comprehensible for English learners :
_bthe SIOP model /
_cJana Echevarría, California State University, Long Beach, MaryEllen Vogt, California State University, Long Beach, Deborah J. Short, Center for Applied Linguistics, Washington, DC, Acadmic Language Research and Training, Arlington, VA.
250 _aFourth edition,
_bInternational edition.
264 1 _aBoston :
_bPearson Education, Inc.,
_c[2013]
264 4 _cc2013
300 _axix, 340 pages :
_billustrations ;
_c28 cm
336 _2rdacontent
_atext
_btxt
337 _2rdamedia
_aunmediated
_bn
338 _2rdacarrier
_avolume
_bnc
504 _aIncludes bibliographical references and index.
650 7 _aSIOP model.
_2BUEsh
650 7 _aEnglish language
_xStudy and teaching
_xForeign speakers.
_2BUEsh
650 7 _aLanguage arts
_xCorrelation with content subjects.
_2BUEsh
_926139
651 _2BUEsh
653 _bGGEN
_bHHUUEENN
_cMarch2018
655 _vReading book
_934232
700 1 _aVogt, MaryEllen,
_eauthor.
700 1 _aShort, Deborah,
_eauthor.
942 _2ddc
_cBB
999 _c26417
_d26389